000 01280nam a22002897a 4500
999 _c117063
_d117063
003 dpl
005 20181115162559.0
008 181115b ||||| |||| 00| 0 eng d
010 _aA-692366
020 _c90.00
_a8170432669
035 _aA-692366
037 _bCen Lib/Ret
040 _aDPL
_bHN
_c0
082 _a
_bमित्रग
100 _aमित्र, गजेन्द्र कुमार
_945280
245 _aपरिचय नहीं पाया /
_cगजेन्द्र कुमार मित्र ; अनुवादक आशा गुप्ता
246 _aParichya nahi paya /
_bby Gajendra Kumar Mitr ; anuvada Asha Gupta
260 _a दिल्ली
_bआत्माराम एंड संस
_c1994
270 _aकश्मीरी गेट
_bदिल्ली
_e110006
300 _a176पृ.
_c19सेमी (सजिल्द )
650 _aबांग्ला साहित्य
_x
_z
_945844
650 _aबांग्ला साहित्य
_v
_xकहानियां
_969878
650 _aBangla literature
_969879
650 _aBangla literature
_xstories
_969880
700 _aगुप्ता, आशा
_969881
942 _2ddc
_cHN
_h
_mमित्रग